<?xml version="1.0" encoding="UTF-8"?>
<record
    xmlns:xsi="http://www.w3.org/2001/XMLSchema-instance"
    xsi:schemaLocation="http://www.loc.gov/MARC21/slim http://www.loc.gov/standards/marcxml/schema/MARC21slim.xsd"
    xmlns="http://www.loc.gov/MARC21/slim">

  <leader>00647nam a22001577a 4500</leader>
  <controlfield tag="003">OSt</controlfield>
  <controlfield tag="005">20171025140643.0</controlfield>
  <controlfield tag="008">171025b        xxu||||| |||| 00| 0 eng d</controlfield>
  <datafield tag="040" ind1=" " ind2=" ">
    <subfield code="c">RUA</subfield>
  </datafield>
  <datafield tag="082" ind1=" " ind2=" ">
    <subfield code="a">AGR KHL 2016 B579 Or.1</subfield>
  </datafield>
  <datafield tag="100" ind1=" " ind2=" ">
    <subfield code="9">12369</subfield>
    <subfield code="a">KHLOENG DAPHAL  &#x1781;&#x17D2;&#x179B;&#x17B9;&#x1784; &#x178A;&#x17B6;&#x1795;&#x179B;</subfield>
  </datafield>
  <datafield tag="245" ind1=" " ind2=" ">
    <subfield code="a">effect of urea fertilizer rates on growth and yield of lettuce (lactuca sativa)  &#x17A5;&#x1791;&#x17D2;&#x1792;&#x17B7;&#x1796;&#x179B;&#x1780;&#x1798;&#x17D2;&#x179A;&#x17B7;&#x178F;&#x1787;&#x17B8; &#x17A2;&#x17CA;&#x17BB;&#x1799;&#x179A;&#x17CA;&#x17C1;&#x1791;&#x17C5;&#x179B;&#x17BE;&#x1780;&#x17B6;&#x179A;&#x179B;&#x17BC;&#x178F;&#x179B;&#x17B6;&#x179F;&#x17CB;&#x1793;&#x17B7;&#x1784;&#x1791;&#x17B7;&#x1793;&#x17D2;&#x1793;&#x1795;&#x179B;&#x178A;&#x17C6;&#x178E;&#x17B6;&#x17C6;&#x179F;&#x17B6;&#x179B;&#x17B6;&#x178A;</subfield>
  </datafield>
  <datafield tag="260" ind1=" " ind2=" ">
    <subfield code="a">phnom penh </subfield>
    <subfield code="b">RUA</subfield>
    <subfield code="c">2016</subfield>
  </datafield>
  <datafield tag="300" ind1=" " ind2=" ">
    <subfield code="a">x;40;</subfield>
    <subfield code="b">illl;</subfield>
    <subfield code="c">29cm;</subfield>
  </datafield>
  <datafield tag="942" ind1=" " ind2=" ">
    <subfield code="2">ddc</subfield>
    <subfield code="c">AGR</subfield>
  </datafield>
  <datafield tag="999" ind1=" " ind2=" ">
    <subfield code="c">14730</subfield>
    <subfield code="d">14730</subfield>
  </datafield>
  <datafield tag="952" ind1=" " ind2=" ">
    <subfield code="0">0</subfield>
    <subfield code="1">0</subfield>
    <subfield code="2">ddc</subfield>
    <subfield code="4">0</subfield>
    <subfield code="6">AGR_KHL_2016_000000000000000_B579_OR_1</subfield>
    <subfield code="7">0</subfield>
    <subfield code="9">67235</subfield>
    <subfield code="a">LBB</subfield>
    <subfield code="b">LBB</subfield>
    <subfield code="c">B579</subfield>
    <subfield code="d">2017-10-25</subfield>
    <subfield code="o">AGR KHL 2016 B579 Or.1</subfield>
    <subfield code="p">A27372</subfield>
    <subfield code="r">2017-10-25</subfield>
    <subfield code="w">2017-10-25</subfield>
    <subfield code="y">AGR</subfield>
  </datafield>
  <datafield tag="952" ind1=" " ind2=" ">
    <subfield code="0">0</subfield>
    <subfield code="1">0</subfield>
    <subfield code="2">ddc</subfield>
    <subfield code="4">0</subfield>
    <subfield code="6">AGR_KHL_2016_000000000000000_B579_OR_2</subfield>
    <subfield code="7">0</subfield>
    <subfield code="9">67236</subfield>
    <subfield code="a">LBB</subfield>
    <subfield code="b">LBB</subfield>
    <subfield code="c">B579</subfield>
    <subfield code="d">2017-10-25</subfield>
    <subfield code="o">AGR KHL 2016 B579 Or.2</subfield>
    <subfield code="p">A27317</subfield>
    <subfield code="r">2017-10-25</subfield>
    <subfield code="w">2017-10-25</subfield>
    <subfield code="y">AGR</subfield>
  </datafield>
  <datafield tag="952" ind1=" " ind2=" ">
    <subfield code="0">0</subfield>
    <subfield code="1">0</subfield>
    <subfield code="2">ddc</subfield>
    <subfield code="4">0</subfield>
    <subfield code="6">AGR_KHL_2016_000000000000000_B579_OR_3</subfield>
    <subfield code="7">0</subfield>
    <subfield code="9">67237</subfield>
    <subfield code="a">LBB</subfield>
    <subfield code="b">LBB</subfield>
    <subfield code="c">B579</subfield>
    <subfield code="d">2017-10-25</subfield>
    <subfield code="l">3</subfield>
    <subfield code="o">AGR KHL 2016 B579 Or.3</subfield>
    <subfield code="p">A27713</subfield>
    <subfield code="r">2025-07-23</subfield>
    <subfield code="s">2025-07-07</subfield>
    <subfield code="w">2017-10-25</subfield>
    <subfield code="y">AGR</subfield>
  </datafield>
  <datafield tag="952" ind1=" " ind2=" ">
    <subfield code="0">0</subfield>
    <subfield code="1">0</subfield>
    <subfield code="2">ddc</subfield>
    <subfield code="4">0</subfield>
    <subfield code="6">AGR_KHL_2016_000000000000000_B579_OR_4</subfield>
    <subfield code="7">0</subfield>
    <subfield code="9">67238</subfield>
    <subfield code="a">LBB</subfield>
    <subfield code="b">LBB</subfield>
    <subfield code="c">B579</subfield>
    <subfield code="d">2017-10-25</subfield>
    <subfield code="l">2</subfield>
    <subfield code="o">AGR KHL 2016 B579 Or.4</subfield>
    <subfield code="p">A27590</subfield>
    <subfield code="r">2022-12-26</subfield>
    <subfield code="s">2022-12-12</subfield>
    <subfield code="w">2017-10-25</subfield>
    <subfield code="y">AGR</subfield>
  </datafield>
  <datafield tag="952" ind1=" " ind2=" ">
    <subfield code="0">0</subfield>
    <subfield code="1">0</subfield>
    <subfield code="2">ddc</subfield>
    <subfield code="4">0</subfield>
    <subfield code="6">AGR_KHL_2016_000000000000000_B579_OR_5</subfield>
    <subfield code="7">0</subfield>
    <subfield code="9">67239</subfield>
    <subfield code="a">LBB</subfield>
    <subfield code="b">LBB</subfield>
    <subfield code="c">B579</subfield>
    <subfield code="d">2017-10-25</subfield>
    <subfield code="l">4</subfield>
    <subfield code="o">AGR KHL 2016 B579 Or.5</subfield>
    <subfield code="p">A27573</subfield>
    <subfield code="r">2020-10-26</subfield>
    <subfield code="s">2020-09-23</subfield>
    <subfield code="w">2017-10-25</subfield>
    <subfield code="y">AGR</subfield>
  </datafield>
  <datafield tag="952" ind1=" " ind2=" ">
    <subfield code="0">0</subfield>
    <subfield code="1">0</subfield>
    <subfield code="2">ddc</subfield>
    <subfield code="4">0</subfield>
    <subfield code="6">AGR_KHL_2016_000000000000000_B579_OR_6</subfield>
    <subfield code="7">0</subfield>
    <subfield code="9">67240</subfield>
    <subfield code="a">LBB</subfield>
    <subfield code="b">LBB</subfield>
    <subfield code="c">B579</subfield>
    <subfield code="d">2017-10-25</subfield>
    <subfield code="l">2</subfield>
    <subfield code="o">AGR KHL 2016 B579 Or.6</subfield>
    <subfield code="p">A27443</subfield>
    <subfield code="r">2025-03-18</subfield>
    <subfield code="s">2025-03-10</subfield>
    <subfield code="w">2017-10-25</subfield>
    <subfield code="y">AGR</subfield>
  </datafield>
  <datafield tag="952" ind1=" " ind2=" ">
    <subfield code="0">0</subfield>
    <subfield code="1">0</subfield>
    <subfield code="2">ddc</subfield>
    <subfield code="4">0</subfield>
    <subfield code="6">AGR_KHL_2016_000000000000000_B579_OR_7</subfield>
    <subfield code="7">0</subfield>
    <subfield code="9">67241</subfield>
    <subfield code="a">LBB</subfield>
    <subfield code="b">LBB</subfield>
    <subfield code="c">B579</subfield>
    <subfield code="d">2017-10-25</subfield>
    <subfield code="o">AGR KHL 2016 B579 Or.7</subfield>
    <subfield code="p">A27712</subfield>
    <subfield code="r">2017-10-25</subfield>
    <subfield code="w">2017-10-25</subfield>
    <subfield code="y">AGR</subfield>
  </datafield>
  <datafield tag="952" ind1=" " ind2=" ">
    <subfield code="0">0</subfield>
    <subfield code="1">0</subfield>
    <subfield code="2">ddc</subfield>
    <subfield code="4">0</subfield>
    <subfield code="6">AGR_KHL_2016_000000000000000_B579_OR_8</subfield>
    <subfield code="7">0</subfield>
    <subfield code="9">67242</subfield>
    <subfield code="a">LBB</subfield>
    <subfield code="b">LBB</subfield>
    <subfield code="c">B579</subfield>
    <subfield code="d">2017-10-25</subfield>
    <subfield code="l">7</subfield>
    <subfield code="o">AGR KHL 2016 B579 Or.8</subfield>
    <subfield code="p">A27373</subfield>
    <subfield code="r">2018-10-17</subfield>
    <subfield code="s">2018-09-21</subfield>
    <subfield code="w">2017-10-25</subfield>
    <subfield code="y">AGR</subfield>
  </datafield>
</record>
